|
|
|
|
| LEADER |
00000cam a2200000 a 4500 |
| 001 |
vtls010040953 |
| 003 |
SK-MaSNL |
| 005 |
20260301083449.0 |
| 008 |
240314s2009 xo d 000 d slo |
| 015 |
|
|
|a SNBA2010/02-01042
|
| 020 |
|
|
|a 9788089030422
|q (brož.)
|
| 035 |
|
|
|a D20648DF-5FCB-4DFE-8105-24CDFEC92B92
|
| 035 |
|
|
|a urn:nbn:sk:snk-amk2eb
|
| 035 |
|
|
|a urn:nbn:sk:snk-am0086xc
|
| 040 |
|
|
|a SNK
|b slo
|c SNK
|e AACR2
|
| 041 |
1 |
|
|a slo
|h mac
|
| 044 |
|
|
|a xo
|c SK
|
| 072 |
|
7 |
|a 821.163
|x Južnoslovanské literatúry
|2 konspekt
|
| 080 |
|
|
|a 821.163.3-2
|2 2001
|
| 080 |
|
|
|a (0.82-2)
|2 2001
|
| 100 |
1 |
|
|a Stefanovski, Goran,
|d 1952-
|4 aut
|9 410392
|
| 240 |
1 |
0 |
|a Let vo meste ; Tetovirani duši ; Divo mesto ; Crna dupka ; Hi-fi
|l Slovensky
|
| 245 |
1 |
0 |
|a Tetované duše
|b vybrané dramatické práce: Let na mieste, Tetované duše, Živé mäso, Hocikto, Čierna diera, Hi-fi
|c Goran Stefanovski ; preložil [a úvodnú štúdiu napísal] Ján Jankovič
|
| 250 |
|
|
|a 1. vyd.
|
| 260 |
|
|
|a Bratislava
|b Juga
|c c2009
|
| 300 |
|
|
|a 263 s.
|c 21 cm
|
| 500 |
|
|
|a Dokument obsahuje 6 diel
|
| 655 |
|
7 |
|a macedónske drámy
|2 SNKPH
|9 410393
|
| 655 |
|
7 |
|a divadelné hry
|2 SNKPH
|9 70577
|
| 700 |
1 |
|
|a Jankovič, Ján,
|d 1943-2021
|4 trl
|9 85876
|
| 740 |
0 |
2 |
|a Let na mieste
|
| 740 |
0 |
2 |
|a Živé mäso
|
| 740 |
0 |
2 |
|a Hocikto
|
| 740 |
0 |
2 |
|a Čierna diera
|
| 740 |
0 |
2 |
|a Hi-fi
|
| 740 |
0 |
2 |
|a Tetované duše
|
| 852 |
|
|
|a Akadémia umení v Banskej Bystrici
|
| 919 |
|
|
|a 978-80-89030-42-2
|
| 958 |
|
|
|a UP
|
| 958 |
|
|
|a LX
|
| 958 |
|
|
|a OND
|
| 968 |
|
|
|b MAC
|d 821
|
| 999 |
|
|
|c 660593
|d 662523
|
| 952 |
|
|
|a SNK
|b SNK
|y VYP
|7 0
|p 17A0643925
|o snkSC 138825 D1
|i snk2010/2216
|8 0
|0 0
|1 0
|4 0
|d 2010-02-05
|f 1
|l 0
|r 2026-02-23 18:52:15
|w 2026-02-23
|
| 952 |
|
|
|a SNK
|b SNK
|y PREZ
|7 0
|p 17A0643924
|o snkSC 138825
|i snk2010/2215
|8 0
|0 0
|1 0
|4 0
|d 2010-02-05
|l 0
|r 2017-06-30 00:00:00
|w 2026-02-23
|